000 00912nam a22002057a 4500
008 100218t xxu||||| |||| 00| 0 eng d
020 _a9780714841465
082 _222
_a624.17
_bBUI
100 _911565
_aAddis, William,
_d 1949-
245 _aBuilding :
_b3000 Years of Design Engineering and Construction /
_c Bill Addis.
260 _aLondon :
_b Phaidon Press, 2007.
_c2007
300 _a640 p. :
_b ill. (some col.), 2 maps ;
_c 26 cm.
504 _ancludes bibliographical references and index.
650 _911236
_aArchitecture
_xHistory.
650 _911566
_aBuilding
_x History.
650 _911567
_a Structural engineering
_x History.
650 _911568
_aStructural design
_xHistory
942 _2ddc
_cNB
999 _c13433
_d13433